书目信息 |
| 题名: |
研究生英语词汇手册
|
|
| 作者: | 毕金献 , 袁道之 主编 | |
| 分册: | ||
| 出版信息: | 北京 北京大学出版社 1987 |
|
| 页数: | 507页 | |
| 开本: | 19cm | |
| 丛书名: | ||
| 单 册: | ||
| 中图分类: | H313-62 | |
| 科图分类: | ||
| 主题词: | 英语-词汇--手册 , 词汇-英语--手册 , 英语 | |
| 电子资源: | ||
| ISBN: | ||
| 000 | 00885nam0 2200289 45 | |
| 001 | 0187004461 | |
| 005 | 20040506092031.4 | |
| 010 | @dCNY2.68 | |
| 091 | @a9209.63 | |
| 100 | @a19901101d1987 em y0chiy0121 ea | |
| 101 | 0 | @achi@aeng |
| 102 | @aCN@b110000 | |
| 105 | @ay e 000yy | |
| 106 | @ar | |
| 200 | 10 | @a研究生英语词汇手册@Ayan jiu sheng ying yu ci hui shou ce@dEnglish vocabulary: a handbook for graduate students@f毕金献, 袁道之主编@zeng |
| 210 | @a北京@c北京大学出版社@d1987 | |
| 215 | @a507页@d19cm | |
| 510 | 1 | @aEnglish vocabulary: a handbook for graduate students@zeng |
| 606 | @a英语-词汇@x手册 | |
| 606 | @a词汇-英语@x手册 | |
| 606 | 0 | @a英语 |
| 690 | @aH313-62 | |
| 701 | 0 | @a毕金献@Abi jin xian@4主编 |
| 701 | 0 | @a袁道之@Ayuan dao zhi@4主编 |
| 801 | 0 | @aCN@b深圳图书馆@c20040506 |
| 801 | 2 | @aCN@bNLC@c20040506 |
| 905 | @f1@b215774@dH313-62@e134 | |
| 研究生英语词汇手册=English vocabulary: a handbook for graduate students/毕金献, 袁道之主编.-北京:北京大学出版社,1987 |
| 507页;19cm |
| ISBN :CNY2.68 |
| ● |
| 相关链接 |
|
|
|
|
正题名:研究生英语词汇手册
索取号:H313-62/134
 
预约/预借
| 序号 | 登录号 | 条形码 | 馆藏地/架位号 | 状态 | 备注 |
| 1 | 0215774 | 001379421 | 第二样本阅览室/ [索取号:H313-62/134] | 在馆 | |
| 2 | 0215775 | 001379341 | 密集书库/ [索取号:H313-62/134] | 在馆 |